000 00644nam a2200229Ia 4500
005 20250923150106.0
008 008 250917s9999 xx 000 0 eng d
037 _aTextual
040 _aDSWL
_beng
_cDSWL
041 _aeng
_2eng
084 _aB280bYX, N97
_qDSWL
100 _aWeinbach, Robert W
_9842135
245 0 _aStatistics for social workers
_c by Robert W Weinbach
250 _a4
260 _aNew York
_b Longman Publication USA
_c1997
300 _a258p.
365 _aINR
_b1503
700 _a Richard M GRINNELL
_9842136
925 _g1503
942 _cTEXL
_hB280bYX, N97
999 _c1459462
_d1459462